00445nam a2200181Ia 4500008004100000020001400041050001400055100001800069245002600087245004900113260001500162260001600177260000900193300001500202300002700217300001100244500000800255170918s9999 xx 000 0 und d a439202221 bJ592 1999 aJewell, Nancy aFive little kittens / cNancy Jewell ; pictures by Elizabeth Sayles. aNew York : bScholastic, c1999 a30 pages : bcolored illustration ; c18cm.  a970